00658nab a2200217 uc450000100070000000500170000700800410002403500110006503500210007604000130009704100080011010000380011824500270015665000230018365000230020665000280022970000390025777301170029694200100041399900170042319949820240308085520.0980608e19971201 spa  a199498 a(OCoLC)819762916 ccomduadb aspa10aGautier, Daniel4auteaut932045310aBajo el vuelo de Titan 7aMetano2lemb91664 aNitrógeno920370 aTitan (Satelite)95088710aRaulin, Francois4auteaut92719960 tMundo Científico (Barcelona)gVolumen 17, Número 185, Deciembre 1997, p. 1018-1023w104710x0211-3058089549 cARIMP c85661d85661